000 00917ngm a22002770a 4500
001 PT19553
003 AR-LpoUNG
005 20210202000314.0
007 vd cvaizq
008 191001s1991||||ag |||||||||||||||||spa d
040 _aAR-LpoUNG
_bspa
_cAR-LpoUNG
_eaacr
044 _aag
082 0 _a895.5 756sue
100 1 _aKurosawa, Akira
_edir.
245 1 4 _aLos sueños de Akira Kurosawa
260 _aSan Luis :
_bAVH,
_c1991.
300 _aVHS (120 min.) : son., col.
505 0 _aSubtítulos en español
520 _aOcho relatos basados en los propios sueños del maestro Akira kurosawa, ocho historias que reflejan la relación del hombre con su entorno, el desarrollo desde la infancia, su relación con el arte, la espiritualidad, la muerte y la ecología.
650 4 _aECOLOGIA
650 4 _aHISTORIA SOCIAL
650 4 _aSOCIEDAD
653 _aVIDEOS
905 _a19553
942 _cVIDEO
999 _c54582
_d54582